087_ Personnalités nées un 28 mars par images - Statistiques

Statistiques générales
  • Ce quiz a été pris 34 fois
  • Le résultat moyen est 4 sur 9
Statistiques - réponses
Par images Hint Réponse % Correct
Chanteuse Lady Gaga
94%
Footballeur Benjamin Pavard
91%
Animateur Benjamin Castaldi
84%
Footballeur Steve Mandanda
72%
Athlète Ladji Doucouré
41%
Écrivain Éric-Emmanuel Schmitt
28%
Politicien Aristide Briand
9%
Producteur Alain Sarde
0%
Patineuse Anna Chtcherbakova
0%
Aucun quiz correspondant
Distribution des résultats
% des personnes avec chaque résultat
Percentile par nombre de réponses
Votre historique - résultats
Vous n’avez pas pris ce quiz